Journal of chemical education software; special issue 12

Guardat en:
Dades bibliogràfiques
Format: Llibre
Idioma:Undetermined
Publicat: Univ. of Wiscosin-Madison 1998
Matèries:
Etiquetes: Afegir etiqueta
Sense etiquetes, Sigues el primer a etiquetar aquest registre!
Thư viện lưu trữ: Trung tâm Học liệu Trường Đại học Cần Thơ
LEADER 00462nam a2200145Ia 4500
001 CTU_55043
008 210402s9999 xx 000 0 und d
020 |b 14350 
082 |a 541 
082 |b J86/sp12 
245 0 |a Journal of chemical education software; special issue 12 
260 |b Univ. of Wiscosin-Madison 
260 |c 1998 
650 |a solid state chemistry,chemistry, physical and theoretical 
980 |a Trung tâm Học liệu Trường Đại học Cần Thơ